000 00515pab a2200169 454500
008 180718b2016 xxu||||| |||| 00| 0 eng d
100 _aGhimire, Deepak
245 _aInterconnection of climate change, agriculture and climate justice: complexities for feeding the world under changing climate
260 _c2016
300 _ap.270-273.
650 _aEnvironmental degradation
650 _aAgriculture
650 _aClimatic change
700 _aPanday, Dinesh
773 _aDevelopment
909 _a116472
999 _c116466
_d116466